Electric machinery and transformers (Record no. 440)

000 -LEADER
fixed length control field 00469nam a2200193 4500
001 - CONTROL NUMBER
control field 440
003 - CONTROL NUMBER IDENTIFIER
control field BD-DhUET
008 - FIXED-LENGTH DATA ELEMENTS--GENERAL INFORMATION
fixed length control field 140721b xxu||||| |||| 00| 0 eng d
020 ## - INTERNATIONAL STANDARD BOOK NUMBER
International Standard Book Number 81203007755
040 ## - CATALOGING SOURCE
Transcribing agency 0
Modifying agency BD-DhUET
082 ## - DEWEY DECIMAL CLASSIFICATION NUMBER
Classification number 623.1042
Item number KOS/1991
100 ## - MAIN ENTRY--PERSONAL NAME
Personal name Kosow, Irving L.
245 ## - TITLE STATEMENT
Title Electric machinery and transformers
250 ## - EDITION STATEMENT
Edition statement 2nd ed.
260 ## - PUBLICATION, DISTRIBUTION, ETC. (IMPRINT)
Place of publication, distribution, etc. New Delhi
Name of publisher, distributor, etc. Prentice-Hall
Date of publication, distribution, etc. 1991
300 ## - PHYSICAL DESCRIPTION
Extent xiv,626p.
650 #0 - SUBJECT ADDED ENTRY--TOPICAL TERM
Topical term or geographic name as entry element Electric machinery
942 ## - ADDED ENTRY ELEMENTS (KOHA)
Koha item type General Book
Holdings
Lost status Damaged status Not for loan Sublocation or collection (holding branch) Koha item type Price effective from Koha normalized classification for sorting Copy number Koha issues (times borrowed) Piece designation (barcode) Withdrawn status Koha full call number Source of classification or shelving scheme Date acquired Koha date last borrowed Shelving location Location (home branch) Koha date last seen
   Central Library, BUETGeneral Book2014-07-21623_104200000000000_KOS_19911 103680 623.1042/KOS/1991 2014-07-21 Circulation sectionCentral Library, BUET2014-07-21
   Central Library, BUETGeneral Book2014-07-21623_104200000000000_KOS_19912 103681 623.1042/KOS/1991 2014-07-21 Circulation sectionCentral Library, BUET2016-12-07
   Central Library, BUETGeneral Book2014-07-21623_104200000000000_KOS_199131103682 623.1042/KOS/1991 2014-07-212021-12-05Circulation sectionCentral Library, BUET2021-12-15
   Central Library, BUETGeneral Book2014-07-21623_104200000000000_KOS_19914 103683 623.1042/KOS/1991 2014-07-21 Circulation sectionCentral Library, BUET2014-07-21
   Central Library, BUETGeneral Book2014-07-21623_000000000000000_1042KOS1995 103684 623.1042/KOS/1991 2014-07-21 Circulation sectionCentral Library, BUET2014-07-21
   Central Library, BUETGeneral Book2014-07-21623_104200000000000_KOS_19916 103685 623.1042/KOS/1991 2014-07-21 Circulation sectionCentral Library, BUET2014-07-21
   Central Library, BUETGeneral Book2014-07-21623_104200000000000_KOS_19917 103686 623.1042/KOS/1991 2014-07-21 Circulation sectionCentral Library, BUET2014-07-21
   Central Library, BUETGeneral Book2014-07-21623_000000000000000_1042KOS1998 103688 623.1042/KOS/1991 2014-07-21 Circulation sectionCentral Library, BUET2016-11-29
   Central Library, BUETGeneral Book2014-07-21623_104200000000000_KOS_19919 103689 623.1042/KOS/1991 2014-07-21 Circulation sectionCentral Library, BUET2017-03-11